Education and the employment problem in developing countries. (Record no. 8367)
[ view plain ]
| 000 -LEADER | |
|---|---|
| fixed length control field | 00763cam7a220024100 4500 |
| 001 - CONTROL NUMBER | |
| control field | zam00002531 |
| 008 - FIXED-LENGTH DATA ELEMENTS--GENERAL INFORMATION | |
| fixed length control field | 951128s1973 xx eng u |
| 035 ## - SYSTEM CONTROL NUMBER | |
| System control number | (Sirsi) r19884 |
| 035 ## - SYSTEM CONTROL NUMBER | |
| System control number | (MACHINE)SLC. |
| 100 ## - MAIN ENTRY--PERSONAL NAME | |
| Personal name | Blaug, M. |
| Linkage | A80122.1 |
| 245 10 - TITLE STATEMENT | |
| Title | Education and the employment problem in developing countries. |
| 260 ## - PUBLICATION, DISTRIBUTION, ETC. | |
| Date of publication, distribution, etc. | 1973. |
| 591 ## - | |
| -- | Class code: DS 940. |
| 591 ## - | |
| -- | Course: Women and development. |
| 591 ## - | |
| -- | School: S05. |
| 591 ## - | |
| -- | Lecturer: Dr. MILIMO, M.C. |
| 591 ## - | |
| -- | Number of Students: 61. |
| 949 ## - LOCAL PROCESSING INFORMATION (OCLC) | |
| a | LC2605 |
| w | lcc |
| i | 33729001858310 |
| m | MAIN |
| p | 2500 |
| t | SHORTLOAN |
| l | SHORTLOAN |
| 949 ## - LOCAL PROCESSING INFORMATION (OCLC) | |
| a | LC2605 |
| w | lcc |
| i | 33729001858328 |
| m | MAIN |
| t | SHORTLOAN |
| l | SHORTLOAN |
| 900 ## - EQUIVALENCE OR CROSS-REFERENCE-PERSONAL NAME [LOCAL, CANADA] | |
| -- | MAIN |
| Field link and sequence number | LC2605 |
| -- | BLA |
| Titles and other words associated with a name | 2 |
| 909 ## - | |
| -- | Book |
| Withdrawn status | Lost status | Source of classification or shelving scheme | Damaged status | Not for loan | Home library | Current library | Shelving location | Total Checkouts | Full call number | Barcode | Date last seen | Copy number | Price effective from | Koha item type |
|---|---|---|---|---|---|---|---|---|---|---|---|---|---|---|
| Library of Congress Classification | Main Library | Main Library | Academic reserves/Short loan | LC2605 | 33729001858310 | 08/12/2019 | 1 | 08/12/2019 | Short Loan material |